Największe miasta powyżej 1 km wysokości na zalanej mapie - Statystyki

Ogólne statystyki
  • Ten quiz został rozwiązany 1 169 razy
  • Średni wynik to 9 z 20
Odpowiedzi na mapie
Odpowiedzi zakodowano w zielono-czerwonej skali na mapie do tego quizu, zgodnie z poniższymi procentami.
 
Statystyki odpowiedzi
Populacja Wysokość Miasto % Poprawnych
25,1 mln 2240 m Meksyk
89%
10,4 mln 2640 m Bogota
83%
16,5 mln 1200 m Teheran
75%
14,6 mln 1753 m Johannesburg
73%
3,98 mln 1172 m Brasília
66%
6,70 mln 1661 m Nairobi
62%
4,73 mln 2355 m Addis Abeba
58%
4,28 mln 1495 m Medellín
53%
5,85 mln 1560 m Guadalajara
48%
3,12 mln 1400 m Katmandu
47%
5,05 mln 1500 m Kabul
43%
3,18 mln 2200 m Sana
42%
4,13 mln 1189 m Kampala
40%
3,85 mln 1609 m Denver
39%
3,35 mln 1592 m Gwatemala
33%
4,23 mln 2160 m Puebla
23%
3,38 mln 1574 m Isfahan
20%
6,50 mln 1890 m Kunming
11%
3,50 mln 1572 m Lanzhou
8%
5,05 mln 1070 m Guiyang
7%
Nie znaleziono quizów pasujących do podanych kryteriów
Rozkład punktacji
Procent ludzi z każdym wynikiem
Percentyl według liczby udzielonych odpowiedzi
Twoja historia wyników
Nie rozwiązałeś tego quizu